| 000 | 00427nam a2200193Ia 4500 | ||
|---|---|---|---|
| 003 | 0100 | ||
| 008 | 130227s9999 xx 000 0 und d | ||
| 040 | _cARRUPELIB | ||
| 050 | _aBF311.Q56 | ||
| 100 | _aQuine, Willard Van | ||
| 245 | 4 | _aThe roots of reference | |
| 260 | _aIllinois | ||
| 260 | _bOpen Court la Salle | ||
| 260 | _C1974 | ||
| 300 | _axii | ||
| 300 | _b 151p. 23cm. | ||
| 650 | _bLogic | ||
| 942 |
_2lcc _01 |
||
| 999 |
_c6183 _d6183 |
||